Uplatnenie štatistických metód pri vstupnej kontrole Chirane-Medical, a.s. Stará Turá = Application of statistical methods for input control in Chirana-Medical, a.s. Stará Turá : Diplomová práca

Enregistré dans:
Détails bibliographiques
Auteur principal: Šimovič, Branislav (Auteur)
Autres auteurs: Lestyánszka Škůrková, Katarína (xxx)
Format: Manuscrit Livre
Langue:slovaque
Publié: Trnava : STU v Bratislave MTF UPMK KIK, 2009
Sujets:
Tags: Ajouter un tag
Pas de tags, Soyez le premier à ajouter un tag!

MARC

LEADER 00000ntm a22000003a 4500
001 stu188578
005 20160719154424.0
008 090814s2009----xo------------------slo-d
040 |a STU  |b slo 
041 0 |a slo 
044 |a xo 
100 1 |a Šimovič, Branislav  |4 aut 
245 1 |a Uplatnenie štatistických metód pri vstupnej kontrole Chirane-Medical, a.s. Stará Turá = Application of statistical methods for input control in Chirana-Medical, a.s. Stará Turá :  |b Diplomová práca 
260 |a Trnava :  |b STU v Bratislave MTF UPMK KIK,  |c 2009 
300 |a 66 s  |c príl (1 CD-ROM) 
500 |a Študijný odbor: 5.2.57 kvalita produkcie 
500 |a Študijný program: inžinierstvo kvality produkcie 
650 7 |a kvalita  |2 stusub 
650 7 |a štatistické metódy  |2 stusub 
700 1 |a Lestyánszka Škůrková, Katarína  |4 xxx  |u M4000  |U MTF Materiálovotechnologická fakulta  |T MTF Ústav priemyselného inžinierstva a manažmentu  |X 61397  |U M4000  |Y 84  |7 61397 
996 |b 284M070807  |c M*DP-8172  |l MMSKP  |s P  |a 0  |w stu188578_0001